Dieting gone awry : how to help clients with eating disorders and disordered eating /

Dieting Gone Awry: How to Help Clients With Eating Disorders and Disordered Eating is a resource for health/fitness professionals who want to better understand how to appropriately deal with individuals who appear to be struggling with food and exercise. The DVD details suggestions about how to addr...

Full description

Bibliographic Details
Other Authors: Clark, Nancy, 1951- (Speaker)
Format: Video
Language:English
Language Notes:This edition in English.
Published: Monterey, CA : Healthy Learning, 2010.
Series:Sports medicine and exercise science in video
Subjects:
Online Access:Connect to this streaming video (Alexander Street Press)

MARC

Tag First Indicator Second Indicator Subfields
LEADER 00000cgm a22000003a 4500
001 in00003748721
006 m|||||o||c||||||||
007 cr |na---||a|a
007 vz |zazu|
008 131118s2010 cau060 g o v|eng d
005 20260324204345.8
035 |a (OCoLC)864830564 
035 |a ASP1833028/spex 
040 |a VaAlASP  |c VaAlASP  |d UtOrBLW 
050 4 |a RC1215  |b .D548 2010 
245 0 0 |a Dieting gone awry :  |b how to help clients with eating disorders and disordered eating /  |c presented by Nancy Clark. 
264 1 |a Monterey, CA :  |b Healthy Learning,  |c 2010. 
300 |a 1 online resource (60 min.). 
306 |a 010026 
336 |a two-dimensional moving image  |b tdi  |2 rdacontent 
337 |a computer  |b c  |2 rdamedia 
337 |a video  |b v  |2 rdamedia 
338 |a online resource  |b cr  |2 rdacarrier 
338 |a other  |b vz  |2 rdacarrier 
490 0 |a Sports medicine and exercise science in video 
500 |a Title from resource description page (viewed Nov. 18, 2013). 
520 |a Dieting Gone Awry: How to Help Clients With Eating Disorders and Disordered Eating is a resource for health/fitness professionals who want to better understand how to appropriately deal with individuals who appear to be struggling with food and exercise. The DVD details suggestions about how to address the concerns that these individuals have about food, weight, and their physiques. The DVD also offers mantras and affirmations that health/fitness professionals can employ to help these individuals to successfully undertake the various stages of change. 
530 |a Previously released as DVD. 
546 |a This edition in English. 
500 |a Electronic resource. 
650 0 |a Diet  |x Health aspects. 
650 0 |a Health promotion.  |0 http://id.loc.gov/authorities/subjects/sh85059591 
650 0 |a Nutrition.  |0 http://id.loc.gov/authorities/subjects/sh85093451 
655 7 |a Internet videos.  |2 lcgft  |0 http://id.loc.gov/authorities/genreForms/gf2011026337 
655 7 |a Filmed lectures.  |2 lcgft  |0 http://id.loc.gov/authorities/genreForms/gf2011026270 
700 1 |a Clark, Nancy,  |d 1951-  |e speaker.  |0 http://id.loc.gov/authorities/names/n81014245 
776 1 |c Original publisher catalog number  |o 827008014590 
856 4 0 |u http://proxy.library.tamu.edu/login?url=https://www.aspresolver.com/aspresolver.asp?SPEX;1833028  |z Connect to this streaming video (Alexander Street Press)  |t 0 
999 f f |s 0f8ba21c-0992-3304-b867-c759e81c6381  |i faefb1c7-e960-3d31-959f-5cbfba255830  |t 0 
952 f f |a Texas A&M University  |b College Station  |c Electronic Resources  |s www_evans  |d Available Online  |t 0  |e RC1215 .D548 2010  |h Library of Congress classification 
998 f f |a RC1215 .D548 2010  |t 0  |l Available Online